00753 2200265 4500001002100000005001500021035002500036008004100061020001800102040001500120082001500135100003100150245005600181250003500237260004400272300003100316440002200347500002900369650001100398850001300409084001700422990001600439990001600455990001600471YOGYA-0209000000726020241001100202 a0010-020900000007260090227s2002 jki 000 0 ind d a979-421-866-3 aYOPDDIY[B]04223a338.831 aWijaya, GunawanePengarang10aMerger dalam perspektif monopoli /cGunawan Widjaya aCetakan Pertama, Februari 2002 aJakarta :bRaja Grafindo Persada,c2002 aviii, 189 halaman ;c20 cm aSeri Hukum Bisnis aBibliografi: halaman 189 4aMerger aBPAD DIY a338.83 WIJ m a900-PD/P.04 a898-PD/P.04 a898-PD/P.04